[Event "It (open)"]
[Site "Pavlodar (Kazakhstan)"]
[Date "2014.12.03"]
[Round "3"]
[White "Volkov Sergey Viktorovich (RUS)"]
[Black "Kassimov Baurzhan (KAZ)"]
[Result "1-0"]
[WhiteElo "2583"]
[BlackElo "2376"]

1.d4 d6 2.Nf3 Bg4 3.c4 Nd7 4.e4 e5 5.Be2 Be7 6.Nc3 Bxf3 7.Bxf3 Bg5 8.Bg4 Bxc1
9.Bxd7+ Qxd7 10.Rxc1 Ne7 11.O-O c6 12.b4 Rd8 13.dxe5 dxe5 14.Qa4 Ra8 15.Rfd1
Qc8 16.Qa5 f6 17.Rd6 O-O 18.Rcd1 Ng6 19.h3 Re8 20.Ne2 Nf8 21.Ng3 Ne6 {#r} 1-0

[Event "Cup Gligoric (open)"]
[Site "Kragujevac (Serbia)"]
[Date "2014.12.06"]
[Round "1"]
[White "Stojanovic Mihajlo (SRB)"]
[Black "Milosevic Slavisa (SRB)"]
[Result "1-0"]
[WhiteElo "2547"]
[BlackElo "2225"]

1.d4 d6 2.Nf3 f5 3.b4 g6 4.Bb2 Bg7 5.e3 Nf6 6.Nbd2 O-O 7.Bd3 e5 8.dxe5 Ng4
9.Nc4 d5 10.h3 Nh6 11.Ncd2 Qe7 12.c4 Qxb4 13.Qc1 c6 14.cxd5 Re8 15.d6 Nf7
16.Rb1 Qa5 17.Bc3 Qd8 18.Qb2 Bf8 19.O-O Nd7 20.Bc4 Nc5 21.Nd4 Bd7 22.Qa3 b6
23.f4 Qc8 24.N2f3 Ne4 25.Qb3 Nxc3 26.Bxf7+ Kg7 27.Bxe8 {#r} 1-0

[Event "Olympiad (under 16)"]
[Site "Gyor (Hungary)"]
[Date "2014.12.14"]
[Round "3"]
[White "Krstulovic Alex (HUN)"]
[Black "Song Michael"]
[Result "0-1"]
[WhiteElo "2061"]
[BlackElo "2257"]

1.d4 d6 2.Nf3 Bg4 3.e4 Nf6 4.Nc3 e6 5.Be3 d5 6.h3 Bh5 7.e5 Nfd7 8.Bd3 c5 9.g4
Bg6 10.Bxg6 hxg6 11.Ne2 cxd4 12.Nexd4 Nc6 13.Nxc6 bxc6 14.Qe2 Qb8 15.Kf1 Qxb2
16.Kg2 Qa3 17.c4 Qa6 18.Rab1 Be7 19.Qc2 dxc4 20.Rhc1 Nb6 21.Bxb6 axb6 22.Nd4
b5 23.Nxe6 Qc8 24.Nf4 O-O 25.e6 Bg5 26.e7 Re8 27.Qe4 Rxe7 28.Qf3 Qc7 {#R} 0-1

[Event "Ch Madrid (team)"]
[Site "Madrid (Spain)"]
[Date "2014.12.14"]
[Round "3"]
[White "Gallego Jimenez Victoriano (ESP)"]
[Black "Rabadan Velasco Raul (ESP)"]
[Result "1-0"]
[WhiteElo "2340"]
[BlackElo "2254"]

1.d4 d6 2.Nf3 g6 3.g3 Bg7 4.Bg2 f5 5.O-O Nf6 6.b4 O-O 7.Bb2 c6 8.Nbd2 h6 9.c4
Be6 10.Qc2 Nbd7 11.Nh4 Qe8 12.e4 fxe4 13.Nxe4 g5 14.Nxf6+ Rxf6 15.d5 gxh4
16.Bxf6 Nxf6 17.dxe6 Ng4 18.Qf5 h5 19.Be4 d5 20.cxd5 cxd5 21.Qh7+ Kf8 22.Bg6
Qb5 23.Qxh5 Qxb4 24.Rab1 Qc4 25.Bd3 {#r} 1-0

[Event "It (open) (active)"]
[Site "Al Ain (United Arab Emirates)"]
[Date "2014.12.18"]
[Round "4"]
[White "Mohammed Tarig Elther (SUD)"]
[Black "Lazarev Vladimir (FRA)"]
[Result "0-1"]
[WhiteElo "2052"]
[BlackElo "2399"]

1.d4 d6 2.c4 e5 3.d5 f5 4.Nc3 Nf6 5.g3 Be7 6.Bg2 O-O 7.e3 e4 8.Nge2 Nbd7 9.O-O
Ne5 10.b3 a6 11.Nd4 Qe8 12.Nce2 c5 13.dxc6 bxc6 14.Nf4 Qf7 15.Bb2 g5 16.Nh3 h6
17.Bc3 c5 18.Ne2 Nf3+ 19.Kh1 Ng4 20.Bxf3 exf3 21.Neg1 Bb7 22.Qd2 Be4 23.Rfd1
h5 24.Nxg5 Bxg5 25.Qxd6 Nxe3 26.fxe3 {#R} 0-1

[Event "It (open) "]
[Site "Krakow (Poland)"]
[Date "2014.12.30"]
[Round "5"]
[White "Teglas Balazs (HUN)"]
[Black "Jakubiec Edyta (POL)"]
[Result "0-1"]
[WhiteElo "2255"]
[BlackElo "2212"]

1.d4 d6 2.Bf4 g6 3.e3 Bg7 4.Nf3 Nd7 5.Be2 e5 6.Bg3 Nh6 7.h3 O-O 8.O-O f5
9.dxe5 dxe5 10.Nc3 c6 11.Bh4 Bf6 12.Bxf6 Qxf6 13.Bc4+ Kh8 14.Qe2 b5 15.Bb3 a5
16.a4 b4 17.Nb1 e4 18.Nd4 Ne5 19.Nd2 Ba6 20.Bc4 Nxc4 21.Nxc4 f4 22.b3 f3
23.Qe1 Qg5 24.g3 Qh5 25.h4 Qg4 {#R} 0-1

[Event "Ch City"]
[Site "Krasnoyarsk (Russia)"]
[Date "2015.02.01"]
[Round "4"]
[White "Sosnin Mikhail (RUS)"]
[Black "Resmyatova Antonina (RUS)"]
[Result "0-1"]
[WhiteElo "2068"]
[BlackElo "2035"]

1.d4 d6 2.Bf4 Nd7 3.c3 Ngf6 4.e3 e5 5.Bg3 Ne4 6.Bd3 Nxg3 7.hxg3 g6 8.Nd2 Bg7
9.Qb3 c6 10.Ngf3 d5 11.dxe5 Nxe5 12.Nxe5 Bxe5 13.Nf3 Bg7 14.O-O-O Qb6 15.Qc2
Bd7 16.Rh4 O-O-O 17.Rdh1 h5 18.Rf4 Rhf8 19.Rb4 Qc7 20.Qa4 c5 21.Qxa7 cxb4
22.Qa8+ Qb8 23.Qxb8+ Kxb8 {#R} 0-1

[Event "Ch Catalunia (team) (Gp1)"]
[Site "Barcelona (Spain)"]
[Date "2015.02.21"]
[Round "5"]
[White "Amigo Villalta Jordi (ESP)"]
[Black "Peralta Fernando (ARG)"]
[Result "0-1"]
[WhiteElo "2240"]
[BlackElo "2563"]

1.d4 d6 2.c4 e5 3.dxe5 dxe5 4.Qxd8+ Kxd8 5.e4 Be6 6.Be3 Nf6 7.f3 Nfd7 8.Nd2 a5
9.g3 Bc5 10.Kf2 Nc6 11.Rd1 Ke7 12.a3 Rhd8 13.Ne2 Nd4 14.Bxd4 exd4 15.Nc1 d3+
16.Kg2 Ne5 17.h3 Be3 18.b3 a4 19.f4 axb3 20.Ndxb3 d2 21.Nxd2 Rxd2+ 22.Rxd2
Bxd2 23.Nb3 Be3 24.fxe5 Rxa3 {#R} 0-1

[Event "Ch Europe"]
[Site "Jerusalem (Israel)"]
[Date "2015.02.24"]
[Round "1"]
[White "Veinberg Nimrod (ISR)"]
[Black "Smirin Ilia (ISR)"]
[Result "0-1"]
[WhiteElo "2392"]
[BlackElo "2655"]

1.d4 d6 2.c4 e5 3.d5 Nd7 4.e4 Nc5 5.Nc3 a5 6.Nf3 Nf6 7.Qc2 g6 8.b3 Bg7 9.Rb1
Nfxe4 10.Nxe4 Nxe4 11.Be3 O-O 12.Be2 f5 13.Nd2 Nf6 14.f3 c6 15.Rd1 Kh8 16.Nb1
cxd5 17.cxd5 f4 18.Bf2 Bf5 19.Qb2 Rc8 20.Bd3 Bxd3 21.Rxd3 e4 22.fxe4 Nxe4
23.Bd4 Qh4+ 24.g3 fxg3 25.Bxg7+ Kg8 {#R} 0-1

[Event "Bundesliga (2nd) West 2014/15"]
[Site "Austria"]
[Date "2015.03.07"]
[Round "10"]
[White "Durakovic Alman (BIH)"]
[Black "Eisenbeiser Amadeus (GER)"]
[Result "0-1"]
[WhiteElo "2292"]
[BlackElo "2367"]

1.d4 d6 2.c4 g6 3.Nf3 Bg7 4.Nc3 e5 5.e3 Nc6 6.Be2 f5 7.d5 Nce7 8.e4 Nf6 9.exf5
Nxf5 10.Ng5 O-O 11.O-O Qe7 12.Bd3 Bd7 13.f4 h6 14.fxe5 hxg5 15.e6 Nxd5 16.cxd5
Bd4+ 17.Rf2 Ng3 18.hxg3 Rxf2 {#R} 0-1

[Event "Zt"]
[Site "Ho Chi Minh City (Vietnam)"]
[Date "2015.03.12"]
[Round "6"]
[White "Dang Hoang Son (VIE)"]
[Black "Torre Eugenio (PHI)"]
[Result "0-1"]
[WhiteElo "2193"]
[BlackElo "2463"]

1.d4 d6 2.c4 e5 3.d5 f5 4.Nf3 Be7 5.Nc3 Nf6 6.h4 O-O 7.h5 a5 8.h6 g6 9.c5 Na6
10.cxd6 cxd6 11.b3 Nc5 12.Ba3 Nfe4 13.Rc1 f4 14.Nxe4 Nxe4 15.Qd3 Bf5 16.Qb5 a4
17.Bb4 axb3 18.axb3 Qc7 19.Bd2 Qxc1+ 20.Bxc1 Rfc8 21.Qc6 bxc6 {#R} 0-1

[Event "Ch St. Petersburg"]
[Site "St. Petersburg (Russia)"]
[Date "2015.03.21"]
[Round "1"]
[White "Goldobin Mikhail (RUS)"]
[Black "Chigaev Maksim (RUS)"]
[Result "0-1"]
[WhiteElo "2226"]
[BlackElo "2521"]

1.d4 d6 2.c4 e5 3.d5 f5 4.Nf3 Nf6 5.Nc3 Be7 6.g3 O-O 7.Bg2 a5 8.O-O Na6 9.a3
Bd7 10.Rb1 Nc5 11.b4 axb4 12.axb4 Na4 13.Bd2 Nxc3 14.Bxc3 Qe8 15.Nd2 f4 16.Ne4
Qh5 17.e3 Ng4 18.h3 f3 19.hxg4 Bxg4 20.Bh1 Rf5 21.Nd2 Rf6 22.Nxf3 Rh6 {#R} 0-1

[Event "Ch Sweden (team) 2014/15"]
[Site "Sweden"]
[Date "2015.03.22"]
[Round "9"]
[White "Semcesen Daniel (SWE)"]
[Black "Norberg Johan (SWE)"]
[Result "1-0"]
[WhiteElo "2436"]
[BlackElo "2298"]

1.d4 d6 2.Nf3 g6 3.c4 Bg7 4.e4 e5 5.Bg5 f6 6.Be3 Nc6 7.Nc3 Bh6 8.Qd2 Bxe3
9.Qxe3 Bg4 10.d5 Nb4 11.Rc1 c5 12.dxc6 Nxc6 13.Nd2 Nge7 14.Be2 Bxe2 15.Nxe2
O-O 16.O-O a5 17.Rfd1 Qc7 18.Nb1 Nb4 19.Qb3 Kg7 20.Nbc3 Rfd8 21.Nb5 Qb8 22.Rd2
Na6 23.Rcd1 Nc5 24.Qe3 Ra6 25.Qxc5 dxc5 26.Rxd8 Nc8 27.R1d7+ Kh6 28.Rh8 {#r}
1-0

[Event "Extraliga 2014/15"]
[Site "Czech Republic"]
[Date "2015.03.28"]
[Round "10"]
[White "Kociscak Jiri (CZE)"]
[Black "Priehoda Vitezslav (CZE)"]
[Result "1-0"]
[WhiteElo "2482"]
[BlackElo "2365"]

1.d4 d6 2.c4 e5 3.d5 f5 4.e4 fxe4 5.Nc3 Nf6 6.Bg5 Bf5 7.Nge2 Be7 8.Ng3 Bg6
9.Bxf6 gxf6 10.h4 h5 11.Be2 f5 12.Bxh5 Bxh5 13.Nxh5 Rg8 14.Ng3 f4 15.Qh5+ Kd7
16.Qf5+ Ke8 17.Qe6 Kf8 18.Nf5 Nd7 19.Nxe4 Qe8 20.Qh6+ Kf7 21.Qh7+ Kf8 22.Nh6
{#r} 1-0

[Event "It (open)"]
[Site "Krakow (Poland)"]
[Date "2015.04.28"]
[Round "3"]
[White "Bus Konrad (POL)"]
[Black "Shilov Sergej (UKR)"]
[Result "1-0"]
[WhiteElo "2071"]
[BlackElo "2163"]

1.d4 d6 2.c4 e5 3.Nf3 e4 4.Ng5 f5 5.g3 h6 6.Nh3 g5 7.Nc3 Nf6 8.Bg2 c6 9.f3 d5
10.fxe4 fxe4 11.Qa4 dxc4 12.Rf1 Qxd4 13.Bd2 Be6 14.O-O-O e3 15.Be1 Qe5 16.Rxf6
Qxf6 17.Ne4 Qe7 18.Bc3 Bxh3 19.Nf6+ Kf7 20.Bxh3 b5 21.Qc2 b4 22.Rf1 {#r} 1-0

[Event "It (open)"]
[Site "Lille (France)"]
[Date "2015.05.04"]
[Round "1"]
[White "Silvert Alexandre (FRA)"]
[Black "Di Nicolantonio Lucas (FRA)"]
[Result "0-1"]
[WhiteElo "2017"]
[BlackElo "2402"]

1.d4 d6 2.c4 e5 3.dxe5 dxe5 4.Qxd8+ Kxd8 5.Nc3 Be6 6.b3 c6 7.Bd2 Nd7 8.g3 Ngf6
9.Bh3 Bxh3 10.Nxh3 Bc5 11.O-O Ke7 12.Ng5 a5 13.Kg2 h6 14.Nge4 Nxe4 15.Nxe4 Bb4
16.a3 Bxd2 17.Nxd2 Rhd8 18.Rfd1 Nc5 19.Rab1 Rd7 20.Kf1 a4 21.b4 Nb3 22.Ke1 Nd4
23.Rbc1 Rad8 24.e3 Nb3 25.Nxb3 axb3 26.Rxd7+ Rxd7 27.Rc3 b2 {#R} 0-1

[Event "It (open)"]
[Site "Iasi (Romania)"]
[Date "2015.06.05"]
[Round "8"]
[White "Yilmaz Mustafa (TUR)"]
[Black "Kuzubov Yuriy (UKR)"]
[Result "1-0"]
[WhiteElo "2585"]
[BlackElo "2641"]

1.d4 d6 2.Nf3 g6 3.c4 Bg7 4.Nc3 Bg4 5.e3 Nc6 6.Be2 e5 7.O-O exd4 8.exd4 Nge7
9.d5 Bxf3 10.Bxf3 Ne5 11.Be2 O-O 12.Re1 Re8 13.Bg5 h6 14.Bd2 Nf5 15.Bf1 Re7
16.Rc1 Qf8 17.Re4 h5 18.Bg5 Ree8 19.Nb5 Rac8 20.Nxa7 Ra8 21.Nb5 Rxa2 22.Rc2 c5
23.dxc6 bxc6 24.Nc3 Raa8 25.Rce2 Reb8 26.Bf4 Nd7 27.Rd2 Nc5 28.Re1 Nb3 {#r}
1-0

[Event "It (open)"]
[Site "Hilversum (Netherlands)"]
[Date "2015.06.21"]
[Round "6"]
[White "De Jong Jan Willem (NED)"]
[Black "Ypma Peter (NED)"]
[Result "1-0"]
[WhiteElo "2453"]
[BlackElo "2242"]

1.d4 d6 2.Nf3 g6 3.c4 Bg7 4.e4 e5 5.Bg5 Ne7 6.Nc3 exd4 7.Nxd4 h6 8.Be3 Nbc6
9.Be2 O-O 10.Qd2 Kh7 11.O-O-O f5 12.exf5 Nxf5 13.Nxf5 Bxf5 14.g4 Be6 15.f4 Na5
16.f5 gxf5 17.gxf5 Nxc4 18.Bxc4 Bxc4 19.Rhg1 Qf6 20.Rg4 d5 21.Bd4 {#r} 1-0

[Event "It "]
[Site "Istanbul (Turkey)"]
[Date "2015.06.25"]
[Round "4"]
[White "Chigladze Iveri (GEO)"]
[Black "Nuri Murad Kamil Oglu (AZE)"]
[Result "1-0"]
[WhiteElo "2364"]
[BlackElo "2322"]

1.d4 d6 2.Nf3 Bg4 3.e4 Nf6 4.Nc3 e6 5.h3 Bh5 6.Be3 Be7 7.Bd3 d5 8.Qe2 Nc6 9.e5
Ne4 10.Nxe4 dxe4 11.Bxe4 Nxd4 12.Bxd4 Bxf3 13.Bxf3 Qxd4 14.Qb5+ Kf8 15.Bxb7 a6
16.Rd1 Qa7 17.Qc6 Rb8 18.Bxa6 Rb6 19.Qd7 Qxa6 20.Qxc7 f5 21.exf6 gxf6 22.Rd3
Rb7 23.Qc8+ {#r} 1-0

[Event "It (open)"]
[Site "Maribor (Slovenia)"]
[Date "2015.06.26"]
[Round "2"]
[White "Janzelj Lara (SLO)"]
[Black "Drazic Sinisa (SRB)"]
[Result "0-1"]
[WhiteElo "2066"]
[BlackElo "2430"]

1.d4 d6 2.c4 e5 3.d5 f5 4.e4 Nf6 5.Nc3 Nxe4 6.Nxe4 fxe4 7.Qc2 Bf5 8.f3 g6 9.f4
Nd7 10.Nh3 Be7 11.Be2 O-O 12.Be3 Bh4+ 13.Kd1 c6 14.fxe5 cxd5 15.Nf4 {#R} 0-1

[Event "Ch Paris (open)"]
[Site "Paris (France)"]
[Date "2015.07.12"]
[Round "9"]
[White "Valles Manuel (FRA)"]
[Black "Sethuraman S P (IND)"]
[Result "0-1"]
[WhiteElo "2401"]
[BlackElo "2640"]

1.d4 d6 2.c4 e5 3.d5 Be7 4.Nc3 Bg5 5.e3 f5 6.f4 Bh4+ 7.g3 Bf6 8.Qc2 exf4
9.exf4 Bxc3+ 10.Qxc3 Nf6 11.Bd3 O-O 12.Ne2 Re8 13.O-O c6 14.b3 Na6 15.Bb2 Nc5
16.Rae1 cxd5 17.cxd5 Qb6 18.Nd4 Bd7 19.Kg2 Nxd3 20.Qxd3 Qa5 21.Rxe8+ Rxe8
22.Nxf5 Bb5 {#R} 0-1

[Event "It "]
[Site "Hamburg (Germany)"]
[Date "2015.07.18"]
[Round "1"]
[White "Riess Alexander (GER)"]
[Black "Domanski Lukasz (POL)"]
[Result "1-0"]
[WhiteElo "2268"]
[BlackElo "2003"]

1.d4 d6 2.Nf3 Bg4 3.c4 Nd7 4.Qb3 Rb8 5.h3 Bxf3 6.Qxf3 g6 7.Nc3 Bg7 8.Qd3 c5
9.dxc5 Nxc5 10.Qc2 Nf6 11.e3 O-O 12.Be2 d5 13.O-O dxc4 14.Bxc4 a6 15.Rd1 Qc7
16.a3 b5 17.Nd5 Nxd5 18.Bxd5 Rfd8 19.Rb1 Rd6 20.e4 Ne6 21.Qxc7 Nxc7 22.Bf4
{#r} 1-0

[Event "It (open) (E1-team)"]
[Site "Pardubice (Czech Republic)"]
[Date "2015.07.19"]
[Round "6"]
[White "Juptner Jan (CZE)"]
[Black "Plat Vojtech (CZE)"]
[Result "0-1"]
[WhiteElo "2322"]
[BlackElo "2465"]

1.d4 d6 2.Nf3 Bg4 3.c4 Nd7 4.e4 Ngf6 5.Nc3 e5 6.d5 c6 7.h3 Bh5 8.Bd3 Be7 9.Qe2
Bg6 10.Nd2 Nc5 11.Bc2 cxd5 12.cxd5 O-O 13.O-O Nh5 14.g3 Qd7 15.Kg2 Rac8 16.a4
f5 17.exf5 Bxf5 18.Bxf5 Qxf5 19.Nde4 Nxe4 20.Nxe4 Qg6 21.Ra3 Rxc1 {#R} 0-1

[Event "It (open)"]
[Site "Gazi-Heraklion (Greece)"]
[Date "2015.07.26"]
[Round "3"]
[White "Rychagov Andrey (RUS)"]
[Black "Bomans Arno (BEL)"]
[Result "0-1"]
[WhiteElo "2558"]
[BlackElo "2259"]

1.d4 d6 2.Nf3 f5 3.Nc3 Nf6 4.Bg5 Nbd7 5.Qd3 g6 6.e4 fxe4 7.Nxe4 Bg7 8.Ng3 c5
9.Qd2 O-O 10.h4 cxd4 11.h5 Nc5 12.hxg6 Nfe4 13.gxh7+ Kh8 14.Nh4 Qe8 15.Nxe4
Nxe4 16.Qd3 Bf5 17.f3 Ng3 18.Rh3 Bxd3 19.Bxd3 Nf5 20.Bxf5 Rxf5 21.Nxf5 Qg6
{#R} 0-1

[Event "Ch Slovakia (team) 2015/16"]
[Site "Slovakia"]
[Date "2015.10.11"]
[Round "2"]
[White "Ftacnik Lubomir (SVK)"]
[Black "Mrva Martin (SVK)"]
[Result "1-0"]
[WhiteElo "2554"]
[BlackElo "2409"]

1.d4 d6 2.Nf3 Bg4 3.c4 Nd7 4.g3 e5 5.Bg2 Ne7 6.Nc3 Nc6 7.d5 Ncb8 8.h3 Bh5
9.Nh4 a5 10.O-O Nc5 11.Nf5 Qd7 12.g4 Bg6 13.e4 Bxf5 14.exf5 Be7 15.f4 Qd8
16.Qe2 O-O 17.g5 Re8 18.f6 gxf6 19.fxe5 dxe5 20.gxf6 Bxf6 21.Ne4 Nxe4 22.Bxe4
Nd7 23.Qh5 Nf8 24.Bh6 Ng6 25.Qf5 Ra6 26.c5 Qc8 27.Qxc8 Rxc8 28.d6 {#r} 1-0

[Event "It (open)"]
[Site "Bad Wiessee (Germany)"]
[Date "2015.11.01"]
[Round "2"]
[White "Esswein Karlheinz (GER)"]
[Black "Tkachiev Vladislav (FRA)"]
[Result "0-1"]
[WhiteElo "2108"]
[BlackElo "2658"]

1.d4 d6 2.Nf3 g6 3.Bf4 Bg7 4.e3 Nd7 5.Bc4 e5 6.Bg3 Nh6 7.dxe5 Nf5 8.Nc3 Nxg3
9.hxg3 Nxe5 10.Nxe5 Bxe5 11.Qd2 Bg4 12.f4 Bg7 13.Be2 Bxe2 14.Kxe2 c6 15.Rae1
d5 16.Nd1 Qb6 17.Kf3 O-O-O 18.c3 c5 19.Qc2 Qc6 20.Kf2 f5 21.Re2 h5 22.Kf1 Kb8
23.Nf2 Rhe8 24.Kg1 Qa6 25.Nd3 Qb6 26.Nf2 d4 27.exd4 Rxe2 28.Qxe2 cxd4 {#R} 0-1

[Event "Ch Belgrade (team) (qual. liga)"]
[Site "Belgrade (Serbia)"]
[Date "2015.11.02"]
[Round "8"]
[White "Hrzic Ivan (SRB)"]
[Black "Radovanovic Mihajlo (SRB)"]
[Result "0-1"]
[WhiteElo "2244"]
[BlackElo "2404"]

1.d4 d6 2.c4 e5 3.d5 f5 4.Nc3 Nf6 5.Nf3 h6 6.g3 g5 7.h4 g4 8.Nd2 e4 9.Nb3 Nbd7
10.Nd4 Ne5 11.e3 Nf3+ 12.Nxf3 gxf3 13.b3 a6 14.Bb2 Rg8 15.b4 Bg7 16.Bh3 Bd7
17.Qb3 Qe7 18.Nb1 f4 19.Bxd7+ Nxd7 20.gxf4 a5 21.Nc3 axb4 22.Qxb4 Nc5 23.O-O-O
Bxc3 24.Bxc3 Rxa2 25.Bd4 Kf7 26.Rhg1 Rxg1 {#R} 0-1

[Event "Ch Hungary (team) 2015/16 B"]
[Site "Hungary"]
[Date "2015.12.06"]
[Round "4"]
[White "Petrisor Adrian (ROM)"]
[Black "Nemeth Zoltan (HUN)"]
[Result "1-0"]
[WhiteElo "2402"]
[BlackElo "2296"]

1.d4 d6 2.Nf3 Bg4 3.c4 Bxf3 4.exf3 Nd7 5.Nc3 Ngf6 6.f4 g6 7.Be2 Bg7 8.Be3 O-O
9.Qc2 c6 10.g4 e6 11.O-O-O d5 12.f5 exf5 13.gxf5 Qa5 14.Kb1 Rac8 15.h4 dxc4
16.fxg6 hxg6 17.h5 Qf5 18.Qxf5 gxf5 19.h6 Bh8 20.h7+ Kg7 21.Bh6+ Kg6 22.Bxf8
Nxf8 23.Rdg1+ Ng4 24.Bxg4 {#r} 1-0

[Event "It (open)"]
[Site "Basel (Switzerland)"]
[Date "2016.01.02"]
[Round "2"]
[White "Minko Vladimir (RUS)"]
[Black "Ghaem Maghami Ehsan (IRI)"]
[Result "0-1"]
[WhiteElo "2361"]
[BlackElo "2594"]

1.d4 d6 2.Nf3 Bg4 3.g3 Bxf3 4.exf3 g6 5.d5 Bg7 6.Bg2 c6 7.dxc6 Nxc6 8.O-O Nf6
9.f4 O-O 10.c4 Rc8 11.Nc3 Na5 12.b3 d5 13.Be3 dxc4 14.b4 Nc6 15.b5 Nb4 16.Bxb7
Rb8 17.Qxd8 Rfxd8 18.Bf3 Nfd5 19.Nxd5 Nxd5 20.Bxa7 Rxb5 21.Rad1 e6 22.Bd4 Ra8
23.Bxg7 Kxg7 24.Rd4 Rc5 25.Rfd1 c3 26.Bxd5 exd5 27.Kf1 Rxa2 28.Ke1 Rb5 {#R}
0-1

[Event "Memorial M.Duchamp (cat.4)"]
[Site "Rio de Janeiro (Brazil)"]
[Date "2016.01.17"]
[Round "9"]
[White "Manzi Luiz Antonio (BRA)"]
[Black "Martinez Ayelen (ARG)"]
[Result "0-1"]
[WhiteElo "2028"]
[BlackElo "2217"]

1.d4 d6 2.Nf3 g6 3.c4 Bg7 4.Nc3 Bg4 5.e3 Nc6 6.Be2 Nf6 7.h3 Bd7 8.O-O e5 9.d5
Ne7 10.Nd2 O-O 11.f4 Nf5 12.Nde4 Nxe4 13.Nxe4 exf4 14.exf4 Re8 15.Bf3 Qh4
16.Qc2 Bd4+ 17.Nf2 Ng3 18.Bd2 Ne2+ 19.Kh2 Bxf2 20.Bxe2 Bxh3 21.Rxf2 Bf5+ {#R}
0-1

[Event "Ch Catalunia (team) (Gp1)"]
[Site "Barcelona (Spain)"]
[Date "2016.01.23"]
[Round "1"]
[White "Alshameary Puente Ismael (ESP)"]
[Black "Fernandez Madrid Carlos (ESP)"]
[Result "1-0"]
[WhiteElo "2318"]
[BlackElo "2166"]

1.d4 d6 2.c4 e5 3.Nf3 e4 4.Ng5 f5 5.g3 Be7 6.Nh3 Nf6 7.Bg2 O-O 8.Nc3 c6 9.O-O
Nbd7 10.f3 Nb6 11.b3 d5 12.c5 Nbd7 13.Nf4 Nb8 14.b4 a5 15.b5 cxb5 16.Ncxd5
Nxd5 17.Qb3 Kh8 18.Qxd5 exf3 19.Bxf3 Nc6 20.e3 Bf6 21.Rb1 Qe8 22.Qb3 b4 23.Nd5
Bd8 24.Nf4 Ra6 25.Bd2 Ne5 26.dxe5 Qxe5 27.Qb2 Qxc5 28.Rfc1 {#r} 1-0

[Event "It (blitz) "]
[Site "Lutsk (Ukraine)"]
[Date "2016.02.19"]
[Round "4"]
[White "Muha Sergey (UKR)"]
[Black "Mikhaletz Lubomir (UKR)"]
[Result "0-1"]
[WhiteElo "2200"]
[BlackElo "2405"]

1.d4 d6 2.c4 e5 3.Nf3 e4 4.Ng5 f5 5.Nh3 Be7 6.e3 Nf6 7.Be2 c6 8.d5 Na6 9.Nc3
Nc7 10.O-O O-O 11.f4 a6 12.a4 a5 13.Nf2 Na6 14.g4 g6 15.Kh1 Nc5 16.Rg1 Qb6
17.g5 Nfd7 18.h4 Kf7 19.h5 Qb4 20.Kg2 Nb6 21.Rh1 Rg8 22.hxg6+ hxg6 23.Rh7+ Rg7
24.Rxg7+ Kxg7 25.Qd4+ Kg8 26.Bd2 Nb3 27.Na2 Qxd2 {#R} 0-1

[Event "It (semiclosed)"]
[Site "Novi Sad (Serbia)"]
[Date "2016.02.27"]
[Round "10"]
[White "Petrusic Velimir (SRB)"]
[Black "Drazic Sinisa (SRB)"]
[Result "0-1"]
[WhiteElo "2167"]
[BlackElo "2425"]

1.d4 d6 2.Nf3 Bg4 3.Bf4 Bxf3 4.exf3 c6 5.Bd3 Qb6 6.c3 Qxb2 7.O-O Nf6 8.Re1 d5
9.Re2 Qb6 10.c4 e6 11.Nc3 dxc4 12.Bxc4 Be7 13.Rb1 Qd8 14.Rxb7 O-O 15.Qb3 Nbd7
16.Bxe6 fxe6 17.Qxe6+ Rf7 18.Ne4 Nf8 19.Nxf6+ gxf6 20.Qb3 Ng6 21.Bh6 Qd5
22.Rb8+ Rxb8 23.Qxb8+ Bf8 24.Re4 Qh5 25.Bxf8 Rxf8 26.Qxa7 Qd5 27.g4 f5 28.gxf5
Qxf5 {#R} 0-1

[Event "Cup HD Bank (open)"]
[Site "Ho Chi Minh City (Vietnam)"]
[Date "2016.03.08"]
[Round "1"]
[White "Ghosh Diptayan (IND)"]
[Black "Pitra Andika (INA)"]
[Result "1-0"]
[WhiteElo "2556"]
[BlackElo "2277"]

1.d4 d6 2.Nf3 Bg4 3.c4 Nd7 4.Qb3 Rb8 5.Nbd2 Ngf6 6.h3 Bh5 7.g4 Bg6 8.e3 e5
9.Nh4 Be7 10.Bg2 c6 11.f4 Ne4 12.Nxg6 Nxd2 13.Bxd2 hxg6 14.O-O-O Qb6 15.Qc2
Qa6 16.Kb1 O-O 17.h4 exd4 18.exd4 d5 19.h5 gxh5 20.Rxh5 g6 21.Rh3 Qxc4 22.Bc3
Qa6 23.Rdh1 f5 24.Bf1 Qb6 25.Rh8+ Kf7 26.R1h7+ Ke8 27.Qe2 Qd8 28.Qe6 {#r} 1-0

[Event "It "]
[Site "Bad Ragaz (Switzerland)"]
[Date "2016.04.11"]
[Round "6"]
[White "Demuth Adrien (FRA)"]
[Black "Vuilleumier Alex (SUI)"]
[Result "0-1"]
[WhiteElo "2550"]
[BlackElo "2370"]

1.d4 d6 2.Nf3 f5 3.Nc3 Nf6 4.Bg5 e6 5.e4 fxe4 6.Nxe4 Be7 7.Bxf6 Bxf6 8.Bd3 Nc6
9.O-O O-O 10.Nxf6+ Qxf6 11.Re1 Kh8 12.c3 Ne7 13.Qc2 Nd5 14.Be4 g5 15.h3 h5
16.Nh2 Bd7 17.Bxd5 exd5 18.Re3 g4 19.hxg4 hxg4 20.Rae1 Rf7 21.f3 g3 22.Nf1 Rg8
23.Qe2 Qh4 24.Re7 Rgg7 25.Rxd7 Rxd7 26.Qe8+ Kh7 27.Nxg3 Rdf7 28.Nf1 Rxg2+ {#R}
0-1

[Event "Ch Vietnam"]
[Site "Hue (Vietnam)"]
[Date "2016.04.30"]
[Round "5"]
[White "Dang Hoang Son (VIE)"]
[Black "Duong Thuong Cong (VIE)"]
[Result "1-0"]
[WhiteElo "2325"]
[BlackElo "2053"]

1.d4 d6 2.Nf3 g6 3.c4 f5 4.Bf4 Bg7 5.Qd2 Nc6 6.Nc3 h6 7.h4 e5 8.dxe5 Nxe5
9.Bxe5 dxe5 10.Qxd8+ Kxd8 11.O-O-O+ Bd7 12.e4 c6 13.h5 gxh5 14.exf5 Kc7 15.Bd3
Ne7 16.Rxh5 Rhf8 17.g4 Be8 18.Rh3 h5 19.Rg1 Rd8 20.Bc2 Bf7 21.g5 e4 22.f6 {#r}
1-0

[Event "It "]
[Site "Maastricht (Netherlands)"]
[Date "2016.05.14"]
[Round "3"]
[White "Watzlawek Markus (GER)"]
[Black "Bauer Christian (FRA)"]
[Result "0-1"]
[WhiteElo "2106"]
[BlackElo "2631"]

1.d4 d6 2.c4 e5 3.g3 exd4 4.Qxd4 Nc6 5.Qd2 Be6 6.e4 Nf6 7.Nc3 a5 8.b3 Nxe4
9.Nxe4 d5 10.cxd5 Bb4 11.Nc3 Bxd5 12.f3 Qf6 13.Bb2 O-O-O 14.Be2 Rhe8 15.O-O-O
Bxf3 16.Nxf3 Rxd2 17.Kxd2 Qh6+ 18.Ke1 Qe3 {#R} 0-1

[Event "Ch World (seniors) (team) (50+)"]
[Site "Radebeul (Germany)"]
[Date "2016.06.29"]
[Round "4"]
[White "Hutschenreiter Joerg Dr (GER)"]
[Black "Hartig Uwe (GER)"]
[Result "1-0"]
[WhiteElo "2006"]
[BlackElo "2001"]

1.d4 d6 2.Nf3 Bg4 3.Nbd2 Nd7 4.e4 e5 5.c3 c6 6.Qb3 exd4 7.cxd4 Qb6 8.Bc4 Qxb3
9.Bxb3 Be7 10.O-O Nb6 11.Re1 Be6 12.Bc2 h6 13.b3 Nf6 14.Ba3 Nfd7 15.Rac1 g5
16.d5 cxd5 17.exd5 Nxd5 18.Nd4 Ne5 19.Ne4 Nf4 20.Rcd1 d5 21.Nd6+ Bxd6 22.Bxd6
Nc6 23.Bxf4 Nxd4 24.Rxd4 Rc8 25.Be5 O-O 26.Bb1 {#r} 1-0